header

Assessing the legacy of the ICTY (Record no. 12946)

MARC details
000 -LEADER
fixed length control field 01538nam a2200349Ia 4500
082 04 - DEWEY DECIMAL CLASSIFICATION NUMBER
Classification number 341.6/90268
245 00 - TITLE STATEMENT
Title Assessing the legacy of the ICTY
260 ## - PUBLICATION, DISTRIBUTION, ETC. (IMPRINT)
Place of publication Leiden ;
-- Boston :
Name of publisher M. Nijhoff Pub.,
Year of publication 2011.
300 ## - PHYSICAL DESCRIPTION
Number of Pages xxvi, 316 p.
650 #0 - SUBJECT ADDED ENTRY--TOPICAL TERM
Topical Term International criminal courts.
Topical Term War crime trials
Topical Term Yugoslav War, 1991-1995
700 1# - ADDED ENTRY--PERSONAL NAME
Personal name Steinberg, Richard H.,
856 40 - ELECTRONIC LOCATION AND ACCESS
Uniform Resource Identifier http://site.ebrary.com/lib/rucke/Doc?id=10685255

No items available.

© 2026 Rongo University
Contact us: librarian | system librarian | Rongo university